000 00661cam a22002051 4500
001 sa 65000092
003 DLC
005 20260227112100.0
008 910320s1956 io 000 0 ind
010 _asa 65000092
035 _a(OCoLC)23274591
040 _aDLC
_cCU
_dDLC
042 _apremarc
050 0 0 _aPN5449.I5
_bJ6
100 1 _aJoedoatmodjo, Harjoto.
245 1 0 _aFunksi pers dalam negara demokrasi;
_cpidato pada pebukaan Pendidikan Pegawai Staf Kempen jang ke-v, pada tanggal 15 Oktober 1956 di gedung Adhuc Stat Djakarta.
260 _a[Djakarta,
_bKementerian Penerangan,
_c1956?]
300 _a20 l.
_c32 cm.
650 0 _aPress
_zIndonesia.
999 _c61377
_d61377